Widok standardowy
Widok MARC
Pozycja Topical Term
Liczba rekordów, w których użyto hasła: 1
001 - Numer kontrolny
- control field: 20076
003 - Identyfikator numeru kontrolnego
- control field: OLSZT 008
005 - Data i czas ostatniej modyfikacji
- control field: 20240830220014.0
008 - Dane kontrolne kodowane (40 znaków)
- fixed length control field: 071030n||aa nnbabn |a ana |c
010 ## - Numer kontrolny Biblioteki Kongresu
- numer kontrolny LC: s 2007243210
039 #9 -
- : 200711020006
- : VLOAD
- : 200710311214
- : pag
- : 200710300829
- : vpat
040 ## - Instytucja sporządzająca rekord
- inst. przygot. dane do rek. khw: KR 295/MG
- inst. wprow. rek. khw: KR 295/MG
150 ## - Hasło - nazwa pospolita
- nazwa posp. lub nazwa geogr. na pocz.: Czary
- określnik geograficzny: Prusy Wschodnie (prowincja)
- określnik chronologiczny: 1500-1800.
999 ## -
- : VIRTUA4 y
999 ## -
- : VTLSSORT0080*0100*0400*1500*9992